LIBRARY & INFORMATION CENTRE, KCAET, TAVANUR

ONLINE PUBLIC ACCESS CATALOGUE (OPAC)

Shava petti / (Record no. 6256)

MARC details
000 -LEADER
fixed length control field 00349cam a2200145ua 4500
041 ## - LANGUAGE CODE
Language code of text/sound track or separate title mal
082 ## - DEWEY DECIMAL CLASSIFICATION NUMBER
Classification number 894.8122
Item number NAG/SA
100 ## - MAIN ENTRY--AUTHOR NAME
Personal name Nagavallil, .
245 ## - TITLE STATEMENT
Title Shava petti /
260 ## - PUBLICATION, DISTRIBUTION, ETC. (IMPRINT)
Place of publication Champakulam :
Name of publisher B.K.M Book Depot ,
Year of publication 1966.
300 ## - PHYSICAL DESCRIPTION
Number of Pages 56 ; .
942 ## - ADDED ENTRY ELEMENTS (KOHA)
Koha item type Books
Holdings
Withdrawn status Lost status Damaged status Home library Current library Date acquired Full call number Accession Number Koha item type
Withdrawn     KAUAET Central Prison Tavanur 07/04/2012 894.8122 1808 Books
free website counter